000 00406nam a2200169Ia 4500
008 230711s9999||||xx |||||||||||||| ||und||
041 _aENG
082 _a621
_bPI-A
100 _aPittet,A
245 0 _aAnalog electronics
250 _a1st Ed.
260 _c2005
_aNew Delhi
_bPHI Learning Private Limited
300 _a352
650 _aElectronics Engineering
700 _aKandaswamy,A
942 _cBK
999 _c4526
_d4526